000
00296 a2200121 4500
000
nam a22 7a 4500
005
20260207130850.0
020
_a
9788174531445
100
_a
Premlata Paliwal
_9
1114347
245
_a
Dasamahavidya Mimansa
260
_b
Sanjay Prakashan
_c
2024
942
_c
TEXL
999
_c
1678891
_d
1678891